[Event "HUN-chT2 Szechenyi 1819"]
[Site "Hungary"]
[Date "2019.03.10"]
[Round "7.1"]
[White "Toth, Bela"]
[Black "Smideliusz, Mark"]
[Result "1/2-1/2"]
[WhiteElo "2315"]
[BlackElo "2183"]
[PlyCount "45"]
[EventDate "2018.10.28"]
[EventType "team-tourn"]
[EventRounds "9"]
[EventCountry "HUN"]
[SourceTitle "EXT 2021"]
[Source "ChessBase"]
[SourceDate "2020.10.23"]
[SourceVersion "1"]
[SourceVersionDate "2020.10.23"]
[SourceQuality "1"]
[WhiteTeam "Ajka ASSE"]
[BlackTeam "Sarvar"]
[WhiteTeamCountry "HUN"]
[BlackTeamCountry "HUN"]

1. d4 Nf6 2. c4 e6 3. Nf3 d5 4. Nc3 Be7 5. Bg5 0-0 6. e3 b6 7. cxd5 exd5 8. Bd3 Bb7 9. Qc2 Nbd7 10. 0-0 Re8 11. Rac1 g6 12. Rfd1 a6 13. Bxf6 Nxf6 14. Ne5 Bd6 15. f4 Qe7 16. Re1 c5 17. Qf2 c4 18. Bc2 b5 19. a3 Ne4 20. Nxe4 dxe4 21. Qg3 Rac8 22. Red1 Bd5 23. Bb1 1/2-1/2

[Event "HUN-chT2 Szechenyi 1819"]
[Site "Hungary"]
[Date "2019.02.10"]
[Round "5.1"]
[White "Smideliusz, Mark"]
[Black "Heiligermann, Gabor"]
[Result "1-0"]
[WhiteElo "2183"]
[BlackElo "1981"]
[PlyCount "69"]
[EventDate "2018.10.28"]
[EventType "team-tourn"]
[EventRounds "9"]
[EventCountry "HUN"]
[SourceTitle "EXT 2021"]
[Source "ChessBase"]
[SourceDate "2020.10.23"]
[SourceVersion "1"]
[SourceVersionDate "2020.10.23"]
[SourceQuality "1"]
[WhiteTeam "Sarvar"]
[BlackTeam "Tapolca VSE II"]
[WhiteTeamCountry "HUN"]
[BlackTeamCountry "HUN"]

1. e4 c5 2. Nf3 Nc6 3. d4 cxd4 4. Nxd4 Nf6 5. Nc3 e5 6. Ndb5 d6 7. Bg5 a6 8. Na3 Be6 9. Nc4 Rc8 10. Nd5 Bxd5 11. exd5 Ne7 12. Bxf6 gxf6 13. Bd3 f5 14. 0-0 e4 15. Be2 Bg7 16. c3 0-0 17. a4 Rc5 18. Qb3 Nxd5 19. Rfd1 Nf4 20. Bf1 d5 21. Ne3 d4 22. cxd4 Bxd4 23. Qb4 Qg5 24. h4 Nh3+ 25. Kh2 Qf4+ 26. Kxh3 Bxe3 27. fxe3 Qxe3+ 28. Kh2 Qf4+ 29. Kg1 Rc2 30. Ra3 Qf2+ 31. Kh2 Rfc8 32. Rg3+ Kh8 33. Qe7 Qb6 34. Rd6 Qxb2 35. Rd8+ 1-0

[Event "HUN-chT2 Szechenyi 1819"]
[Site "Hungary"]
[Date "2018.11.18"]
[Round "2.1"]
[White "Jansen, Christof"]
[Black "Smideliusz, Mark"]
[Result "1/2-1/2"]
[WhiteElo "2208"]
[BlackElo "2183"]
[PlyCount "72"]
[EventDate "2018.10.28"]
[EventType "team-tourn"]
[EventRounds "9"]
[EventCountry "HUN"]
[SourceTitle "EXT 2021"]
[Source "ChessBase"]
[SourceDate "2020.10.23"]
[SourceVersion "1"]
[SourceVersionDate "2020.10.23"]
[SourceQuality "1"]
[WhiteTeam "Keszthely Spartacus"]
[BlackTeam "Sarvar"]
[WhiteTeamCountry "HUN"]
[BlackTeamCountry "HUN"]

1. d3 d5 2. g3 e5 3. Bg2 Nf6 4. e4 Bg4 5. f3 Be6 6. Nh3 Bc5 7. Nc3 h6 8. Nf2 Nc6 9. exd5 Nxd5 10. Nxd5 Bxd5 11. 0-0 0-0 12. c3 Qd7 13. Qe2 f5 14. Be3 Bd6 15. f4 Bxg2 16. Kxg2 g5 17. fxg5 f4 18. Qh5 fxe3 19. Ne4 Kh8 20. Nf6 Qg7 21. gxh6 Qf7 22. Qg4 Be7 23. Ne4 Qh7 24. Qe6 Rae8 25. Rxf8+ Rxf8 26. Re1 Qf7 27. Qxf7 Rxf7 28. Rxe3 Kh7 29. Rf3 Rxf3 30. Kxf3 Kxh6 31. Nf2 Kg5 32. Ne4+ Kf5 33. h4 Nd8 34. g4+ Ke6 35. g5 Nf7 36. Kg4 Nd6 1/2-1/2

[Event "HUN-chT2 Szechenyi 1718"]
[Site "Hungary"]
[Date "2018.02.18"]
[Round "6.2"]
[White "Smideliusz, Mark"]
[Black "Hardicsay, Peter"]
[Result "1/2-1/2"]
[WhiteElo "2165"]
[BlackElo "2217"]
[PlyCount "22"]
[EventDate "2017.10.29"]
[EventType "team-tourn"]
[EventRounds "9"]
[EventCountry "HUN"]
[SourceTitle "EXT 2021"]
[Source "ChessBase"]
[SourceDate "2020.10.23"]
[SourceVersion "1"]
[SourceVersionDate "2020.10.23"]
[SourceQuality "1"]
[WhiteTeam "Sarvar"]
[BlackTeam "Ajka ASSE"]
[WhiteTeamCountry "HUN"]
[BlackTeamCountry "HUN"]

1. Nf3 g6 2. d4 Bg7 3. c4 c5 4. d5 d6 5. Nc3 Nf6 6. e4 0-0 7. Be2 Na6 8. 0-0 Nc7 9. Bf4 b6 10. Qd2 a6 11. a4 Rb8 1/2-1/2

[Event "HUN-chT2 Szechenyi 1617"]
[Site "Hungary"]
[Date "2017.01.29"]
[Round "7.1"]
[White "Smideliusz, Mark"]
[Black "Margl, Roland"]
[Result "1/2-1/2"]
[WhiteElo "2152"]
[BlackElo "2188"]
[PlyCount "51"]
[EventDate "2016.09.25"]
[EventType "team-tourn"]
[EventRounds "11"]
[EventCountry "HUN"]
[SourceTitle "EXT 2021"]
[Source "ChessBase"]
[SourceDate "2020.10.23"]
[SourceVersion "1"]
[SourceVersionDate "2020.10.23"]
[SourceQuality "1"]
[WhiteTeam "Sarvar"]
[BlackTeam "Papa"]
[WhiteTeamCountry "HUN"]
[BlackTeamCountry "HUN"]

1. e4 c5 2. Nf3 d6 3. d4 cxd4 4. Nxd4 Nf6 5. Nc3 a6 6. g3 e5 7. Nde2 b5 8. Bg2 Bb7 9. 0-0 Be7 10. a4 b4 11. Nd5 Nxd5 12. exd5 Nd7 13. a5 Qc7 14. c3 bxc3 15. Nxc3 0-0 16. Be3 Rac8 17. Qd2 f5 18. Rfc1 Qb8 19. b4 Bf6 20. Bh3 g6 21. Ne4 Rxc1+ 22. Rxc1 Rc8 23. Rc6 Be7 24. Bg5 Bxg5 25. Rxc8+ Qxc8 26. Qxg5 1/2-1/2

[Event "HUN-chT2 Szechenyi 1617"]
[Site "Hungary"]
[Date "2016.11.13"]
[Round "4.2"]
[White "Smideliusz, Mark"]
[Black "Gutmann, Alois"]
[Result "1-0"]
[WhiteElo "2152"]
[BlackElo "2070"]
[PlyCount "65"]
[EventDate "2016.09.25"]
[EventType "team-tourn"]
[EventRounds "11"]
[EventCountry "HUN"]
[SourceTitle "EXT 2021"]
[Source "ChessBase"]
[SourceDate "2020.10.23"]
[SourceVersion "1"]
[SourceVersionDate "2020.10.23"]
[SourceQuality "1"]
[WhiteTeam "Sarvar"]
[BlackTeam "Haladas Szombathely III"]
[WhiteTeamCountry "HUN"]
[BlackTeamCountry "HUN"]

1. c4 e5 2. Nc3 Nc6 3. g3 f5 4. Bg2 g6 5. d3 Bg7 6. Nf3 Nf6 7. 0-0 d6 8. Rb1 0-0 9. b4 Ne7 10. Qb3 h6 11. c5+ Kh7 12. cxd6 cxd6 13. b5 Qd7 14. Ba3 Rd8 15. Rfc1 g5 16. Na4 Ng6 17. Nd2 d5 18. b6 Qe8 19. Rc7 Bd7 20. Nc5 axb6 21. Nxb7 Rdb8 22. e4 dxe4 23. dxe4 Be6 24. Qc3 Qa4 25. Rxb6 Ne8 26. Rxe6 Nxc7 27. Qxc7 Rxb7 28. Qxb7 Ra7 29. Qb6 Qd1+ 30. Nf1 Nf4 31. Qxa7 Nxe6 32. exf5 Nd4 33. f6 1-0

[Event "HUN-chT2 Szechenyi 1516"]
[Site "Hungary"]
[Date "2015.10.18"]
[Round "3.2"]
[White "Smideliusz, Mark"]
[Black "Plank, Franz"]
[Result "0-1"]
[WhiteElo "2129"]
[BlackElo "2239"]
[PlyCount "96"]
[EventDate "2015.09.13"]
[EventType "team-tourn"]
[EventRounds "11"]
[EventCountry "HUN"]
[SourceTitle "CBM 170 Extra"]
[Source "ChessBase"]
[SourceDate "2016.02.25"]
[SourceVersion "1"]
[SourceVersionDate "2016.02.25"]
[SourceQuality "1"]
[WhiteTeam "Sarvar"]
[BlackTeam "Lovo"]
[WhiteTeamCountry "HUN"]
[BlackTeamCountry "HUN"]

1. e4 d5 2. exd5 Qxd5 3. Nc3 Qa5 4. Nf3 Nf6 5. Be2 c6 6. 0-0 Bg4 7. h3 Bh5 8. d4 e6 9. Ne5 Bxe2 10. Qxe2 Be7 11. a3 0-0 12. Nc4 Qd8 13. Rd1 Nbd7 14. Bf4 Nb6 15. Ne5 Nbd5 16. Nxd5 cxd5 17. Rd3 Ne4 18. Rb3 Nd6 19. Nd3 b6 20. Bxd6 Bxd6 21. Ne5 Rc8 22. Re3 Re8 23. c3 Rc7 24. f4 Qc8 25. Rf1 Rce7 26. Kh1 Qc7 27. Qg4 b5 28. Rg3 f5 29. Qh5 Rf8 30. Nd3 a5 31. Re3 b4 32. axb4 axb4 33. cxb4 Qc4 34. Qe2 Rfe8 35. Ne5 Qxe2 36. Rxe2 Bxe5 37. fxe5 Rb8 38. Rf3 Rxb4 39. Rd3 Reb7 40. Rdd2 Kf7 41. Kg1 g5 42. Kf2 f4 43. Kf3 Kg6 44. Kf2 Kf5 45. Kf3 h5 46. Kf2 R7b6 47. g3 Rb3 48. gxf4 gxf4 0-1

[Event "HUN-chT2 Szechenyi 1415"]
[Site "Hungary"]
[Date "2014.11.16"]
[Round "4.5"]
[White "Toth, Daniel"]
[Black "Smideliusz, Mark"]
[Result "1-0"]
[WhiteElo "1971"]
[BlackElo "2130"]
[PlyCount "51"]
[EventDate "2014.09.07"]
[EventType "team-tourn"]
[EventRounds "11"]
[EventCountry "HUN"]
[SourceTitle "EXT 2016"]
[Source "ChessBase"]
[SourceDate "2015.10.08"]
[SourceVersion "1"]
[SourceVersionDate "2015.10.08"]
[SourceQuality "1"]
[WhiteTeam "Keszthely"]
[BlackTeam "Sarvar"]
[WhiteTeamCountry "HUN"]
[BlackTeamCountry "HUN"]

1. c4 Nf6 2. Nc3 g6 3. e4 d6 4. d4 Bg7 5. f3 0-0 6. Be3 c6 7. Qd2 Re8 8. g4 e5 9. Nge2 Nbd7 10. 0-0-0 Qc7 11. Ng3 exd4 12. Bxd4 Ne5 13. Be2 Be6 14. g5 Nfd7 15. f4 c5 16. Bxe5 Nxe5 17. fxe5 Bxe5 18. Rhf1 a6 19. Nd5 Bxd5 20. exd5 Bd4 21. Rf3 Re7 22. Bd3 Rae8 23. Kb1 Qd7 24. Qf4 Qa4 25. Bc2 Qxc4 26. Ne4 1-0

[Event "HUN-chT2 Szechenyi 1314"]
[Site "Hungary"]
[Date "2013.09.22"]
[Round "2.4"]
[White "Smideliusz, Mark"]
[Black "Horvath, Mark"]
[Result "1-0"]
[WhiteElo "2132"]
[BlackElo "1930"]
[PlyCount "97"]
[EventDate "2013.09.08"]
[EventType "team-tourn"]
[EventRounds "11"]
[EventCountry "HUN"]
[SourceTitle "EXT 2016"]
[Source "ChessBase"]
[SourceDate "2015.10.08"]
[SourceVersion "1"]
[SourceVersionDate "2015.10.08"]
[SourceQuality "1"]
[WhiteTeam "Sarvar"]
[BlackTeam "Tapolca II"]
[WhiteTeamCountry "HUN"]
[BlackTeamCountry "HUN"]

1. e4 d6 2. d4 e5 3. Nf3 Bg4 4. dxe5 Bxf3 5. Qxf3 dxe5 6. Bc4 Qe7 7. Nc3 c6 8. 0-0 Nd7 9. Rd1 Ngf6 10. Bg5 h6 11. Qh3 Rd8 12. Rd3 Nb6 13. Rxd8+ Qxd8 14. Rd1 Qc8 15. Bxf6 gxf6 16. Qd3 Nxc4 17. Qxc4 Qe6 18. Qd3 Be7 19. b3 Rg8 20. h3 h5 21. Qf3 Rg5 22. h4 Rg4 23. g3 Bc5 24. Na4 Be7 25. Nb2 Bc5 26. Nc4 Qe7 27. Kg2 Qe6 28. Qd3 Qe7 29. c3 Qc7 30. b4 b5 31. Nd2 Bb6 32. Nf1 a6 33. c4 Bd4 34. c5 a5 35. a3 Kf8 36. Nd2 axb4 37. axb4 Qe7 38. Nf3 Kg7 39. Nxd4 exd4 40. f3 Rg6 41. Qxd4 Qc7 42. Qd6 Qa7 43. Qf4 Qa4 44. Rd8 Qb3 45. Qd6 Qc2+ 46. Kh3 Kh7 47. Qb8 Rg7 48. Rh8+ Kg6 49. Qf4 1-0

[Event "Balatonalmadi Pannonia Cup 18th"]
[Site "Balatonalmadi"]
[Date "2013.07.25"]
[Round "2"]
[White "Szalanczy, Emil"]
[Black "Smideliusz, Mark"]
[Result "0-1"]
[WhiteElo "2297"]
[BlackElo "2125"]
[PlyCount "108"]
[EventDate "2013.07.24"]
[EventType "swiss"]
[EventRounds "7"]
[EventCountry "HUN"]
[SourceTitle "EXT 2016"]
[Source "ChessBase"]
[SourceDate "2015.10.08"]
[SourceVersion "1"]
[SourceVersionDate "2015.10.08"]
[SourceQuality "1"]

1. e4 e5 2. Nf3 Nc6 3. Bb5 a6 4. Ba4 Nf6 5. 0-0 b5 6. Bb3 Bb7 7. Nc3 Be7 8. d3 0-0 9. a4 b4 10. Nd5 Na5 11. Ba2 Nxd5 12. exd5 b3 13. cxb3 Bxd5 14. Nxe5 Rb8 15. Nc4 Nc6 16. Bd2 f5 17. Ne3 Be6 18. b4 f4 19. Nd5 f3 20. g3 Nd4 21. Re1 c6 22. Nxe7+ Qxe7 23. Bc3 Ne2+ 24. Rxe2 fxe2 25. Qxe2 Rbe8 26. Bxe6+ Qxe6 27. Qxe6+ Rxe6 28. Kf1 Rfe8 29. Rd1 Re2 30. Bd2 Kf7 31. g4 g6 32. h3 h5 33. b3 R2e6 34. Bc3 g5 35. gxh5 Rh6 36. Kg2 Rxh5 37. d4 Re6 38. Rd3 d5 39. Bd2 Re4 40. Be3 g4 41. hxg4 Rxg4+ 42. Kf3 Rg6 43. Rd1 Ke6 44. Rc1 Kd7 45. Rc5 Rf5+ 46. Ke2 Kc7 47. b5 axb5 48. axb5 Kb6 49. bxc6 Rxc6 50. b4 Rc7 51. f4 Rh5 52. Bf2 Re7+ 53. Kf3 Rg7 54. Ke2 Rh2 0-1

[Event "HUN-chT2 Szechenyi 1213"]
[Site "Hungary"]
[Date "2013.04.07"]
[Round "10.5"]
[White "Smideliusz, Mark"]
[Black "Hitter, Gabriela"]
[Result "1-0"]
[WhiteElo "2090"]
[BlackElo "2073"]
[PlyCount "47"]
[EventDate "2012.09.16"]
[EventType "team-tourn"]
[EventRounds "11"]
[EventCountry "HUN"]
[SourceTitle "EXT 2014"]
[Source "ChessBase"]
[SourceDate "2013.11.20"]
[SourceVersion "1"]
[SourceVersionDate "2013.11.20"]
[SourceQuality "1"]
[WhiteTeam "Sarvar"]
[BlackTeam "Haladas III"]
[WhiteTeamCountry "HUN"]
[BlackTeamCountry "HUN"]

1. e4 c5 2. Nf3 d6 3. d4 cxd4 4. Nxd4 Nf6 5. Nc3 a6 6. Bc4 b5 7. Bb3 Bb7 8. Qe2 Nbd7 9. 0-0 g6 10. f4 Bg7 11. e5 b4 12. Qc4 e6 13. exf6 Qxf6 14. Nce2 0-0 15. Qxb4 Rab8 16. Qe1 e5 17. fxe5 Qxe5 18. Bf4 Qe4 19. Qf2 Ne5 20. Rad1 Rbe8 21. Nc3 Nf3+ 22. Qxf3 Bxd4+ 23. Kh1 Qe7 24. Qg3 1-0

[Event "HUN-chT2 Szechenyi 1213"]
[Site "Hungary"]
[Date "2012.09.16"]
[Round "1.4"]
[White "Szeles, Karoly"]
[Black "Smideliusz, Mark"]
[Result "1/2-1/2"]
[WhiteElo "2206"]
[BlackElo "2090"]
[PlyCount "35"]
[EventDate "2012.09.16"]
[EventType "team-tourn"]
[EventRounds "11"]
[EventCountry "HUN"]
[SourceTitle "EXT 2014"]
[Source "ChessBase"]
[SourceDate "2013.11.20"]
[SourceVersion "1"]
[SourceVersionDate "2013.11.20"]
[SourceQuality "1"]
[WhiteTeam "Zala Volan"]
[BlackTeam "Sarvar"]
[WhiteTeamCountry "HUN"]
[BlackTeamCountry "HUN"]

1. e4 e5 2. Nf3 Nc6 3. Nc3 Nf6 4. d4 exd4 5. Nxd4 Bb4 6. Nxc6 bxc6 7. Bd3 d5 8. exd5 cxd5 9. 0-0 0-0 10. Bg5 c6 11. Qf3 Bd6 12. Rae1 Rb8 13. Nd1 h6 14. Bxf6 Qxf6 15. Qxf6 gxf6 16. b3 a5 17. Ne3 a4 18. Nf5 1/2-1/2

[Event "Balatonalmadi Pannonia Cup 17th"]
[Site "Balatonalmadi"]
[Date "2012.07.29"]
[Round "7"]
[White "Hardicsay, Peter"]
[Black "Smideliusz, Mark"]
[Result "1-0"]
[WhiteElo "2274"]
[BlackElo "2039"]
[PlyCount "89"]
[EventDate "2012.07.25"]
[EventType "swiss"]
[EventRounds "7"]
[EventCountry "HUN"]
[SourceTitle "EXT 2016"]
[Source "ChessBase"]
[SourceDate "2015.10.08"]
[SourceVersion "1"]
[SourceVersionDate "2015.10.08"]
[SourceQuality "1"]

1. d4 Nf6 2. c4 g6 3. Nc3 Bg7 4. e4 d6 5. f3 0-0 6. Nge2 Nbd7 7. Be3 e5 8. d5 Ne8 9. Qd2 f5 10. 0-0-0 f4 11. Bf2 a6 12. Kb1 Qe7 13. Nc1 b6 14. a3 h6 15. Bd3 Bb7 16. Bc2 Nef6 17. Ba4 Rab8 18. b4 g5 19. h3 h5 20. Bc6 Bc8 21. Nd3 Rd8 22. Ka2 Bb7 23. Bxb7 Rxb7 24. Rc1 Rc8 25. Qd1 c5 26. dxc6 Rxc6 27. Qb3 Kh7 28. Nd5 Qd8 29. Rhd1 Nxd5 30. cxd5 Rxc1 31. Rxc1 b5 32. Rc6 Nb8 33. Rc3 a5 34. bxa5 Qxa5 35. Nb4 Na6 36. Nc6 Qc7 37. Rc2 Qd7 38. Na5 Rb8 39. Rc6 Nc5 40. Bxc5 dxc5 41. Rxc5 Bf8 42. Rc6 Bd6 43. Ra6 Kh8 44. Nc6 Rb7 45. Ra5 1-0

[Event "Balatonalmadi Pannonia Cup 17th"]
[Site "Balatonalmadi"]
[Date "2012.07.28"]
[Round "5"]
[White "Smideliusz, Mark"]
[Black "Rigo, Janos"]
[Result "1/2-1/2"]
[WhiteElo "2039"]
[BlackElo "2297"]
[PlyCount "121"]
[EventDate "2012.07.25"]
[EventType "swiss"]
[EventRounds "7"]
[EventCountry "HUN"]
[SourceTitle "EXT 2016"]
[Source "ChessBase"]
[SourceDate "2015.10.08"]
[SourceVersion "1"]
[SourceVersionDate "2015.10.08"]
[SourceQuality "1"]

1. e4 c5 2. Nf3 Nc6 3. d4 cxd4 4. Nxd4 Nf6 5. Nc3 d6 6. Bc4 Bd7 7. Bb3 g6 8. Nxc6 bxc6 9. Qe2 Bg7 10. 0-0 0-0 11. f4 Bg4 12. Qf2 Be6 13. h3 a5 14. Be3 a4 15. Bxe6 fxe6 16. Bd2 a3 17. b3 Nh5 18. Qh4 Qb6+ 19. Kh2 Qc5 20. Rf3 Nxf4 21. Bxf4 Bxc3 22. Raf1 Rf6 23. Kh1 Raf8 24. Qg3 Bb2 25. c3 Qh5 26. Bd2 Rxf3 27. Rxf3 Rxf3 28. Qxf3 Qe5 29. Bh6 Qf6 30. Qxf6 exf6 31. Bd2 f5 32. exf5 gxf5 33. Kg1 e5 34. Kf2 Kf7 35. Ke3 f4+ 36. Kf3 Ke6 37. g3 fxg3 38. Kxg3 Kf5 39. Kf3 d5 40. Ke3 d4+ 41. cxd4 Bxd4+ 42. Kf3 e4+ 43. Ke2 Ke5 44. Bc1 Bc5 45. Bd2 Kd5 46. Bc1 Be7 47. Be3 Bf6 48. Bc1 Bb2 49. Be3 Ke5 50. Bd2 Kd4 51. Ba5 Bc1 52. Bb4 c5 53. Ba5 Bg5 54. Be1 Bc1 55. Ba5 e3 56. Be1 h5 57. Ba5 Bb2 58. Bb6 Bc3 59. Bd8 Ke4 60. Bg5 Bd4 61. Bh6 1/2-1/2

[Event "Oberwart op-A 34th"]
[Site "Oberwart"]
[Date "2012.07.15"]
[Round "9"]
[White "Smideliusz, Mark"]
[Black "Posch, Roland"]
[Result "1/2-1/2"]
[WhiteElo "2039"]
[BlackElo "2151"]
[PlyCount "146"]
[EventDate "2012.07.07"]
[EventType "swiss"]
[EventRounds "9"]
[EventCountry "AUT"]
[SourceTitle "CBM 149 Extra"]
[Source "ChessBase"]
[SourceDate "2012.08.24"]
[SourceVersion "1"]
[SourceVersionDate "2012.08.24"]
[SourceQuality "1"]

1. e4 e5 2. Nf3 Nc6 3. Bc4 Nf6 4. d3 Be7 5. 0-0 0-0 6. Nc3 d6 7. h3 Na5 8. Bb3 Nxb3 9. axb3 c5 10. Bg5 Be6 11. Qd2 a6 12. Nh2 Nh5 13. Bxe7 Qxe7 14. Ne2 Qf6 15. f4 Nxf4 16. Nxf4 exf4 17. Qxf4 Qxb2 18. Qxd6 Qxc2 19. Rfc1 Qxb3 20. Rab1 Qa3 21. Ra1 Qb4 22. Rab1 Qd2 23. Nf1 Qe2 24. Rxb7 c4 25. dxc4 Bxc4 26. Qd4 Bb5 27. Rd1 Rae8 28. Ng3 Qc4 29. Nf5 Qxd4+ 30. Rxd4 Rb8 31. Rc7 g6 32. Nd6 Rb6 33. Nxb5 axb5 34. Rdd7 b4 35. Rb7 Rb8 36. Rbc7 Rf6 37. Rb7 Rc8 38. Rxb4 Rc2 39. e5 Rff2 40. Rg4 Rfe2 41. Rb7 Rxe5 42. Rf4 Re1+ 43. Kh2 Ree2 44. Rfxf7 Rxg2+ 45. Kh1 Rgf2 46. Rg7+ Kf8 47. Kg1 Rfd2 48. Rbf7+ Ke8 49. Rxh7 Rg2+ 50. Kf1 Rh2 51. Kg1 Rxh3 52. Re7+ Kd8 53. Rd7+ Kc8 54. Rxh3 Kxd7 55. Rh6 Rc6 56. Kg2 Ke7 57. Rh3 Rc4 58. Rf3 Ke6 59. Kg3 Ke5 60. Rf1 Rc3+ 61. Kg2 g5 62. Rf3 Rc1 63. Rf2 Ke4 64. Rf8 Rc3 65. Rf2 Rc5 66. Kg3 Rf5 67. Rxf5 Kxf5 68. Kf3 g4+ 69. Kg3 Kg5 70. Kg2 Kf4 71. Kf2 g3+ 72. Kg2 Kg4 73. Kg1 Kf3 1/2-1/2

[Event "Oberwart op-A 34th"]
[Site "Oberwart"]
[Date "2012.07.09"]
[Round "3"]
[White "Liedl, Wolfgang"]
[Black "Smideliusz, Mark"]
[Result "1-0"]
[WhiteElo "2255"]
[BlackElo "2039"]
[PlyCount "67"]
[EventDate "2012.07.07"]
[EventType "swiss"]
[EventRounds "9"]
[EventCountry "AUT"]
[SourceTitle "CBM 149 Extra"]
[Source "ChessBase"]
[SourceDate "2012.08.24"]
[SourceVersion "1"]
[SourceVersionDate "2012.08.24"]
[SourceQuality "1"]

1. d4 Nf6 2. c4 g6 3. Nc3 Bg7 4. e4 d6 5. Nf3 0-0 6. Be2 e5 7. 0-0 Nc6 8. d5 Ne7 9. Ne1 Nd7 10. Be3 f5 11. f3 f4 12. Bf2 g5 13. Rc1 Rf6 14. c5 dxc5 15. b4 Rh6 16. bxc5 Qe8 17. Kh1 Qh5 18. Bg1 Nf6 19. Nd3 g4 20. fxg4 Nxg4 21. Nf2 Nxf2+ 22. Rxf2 Qe8 23. Bg4 Bxg4 24. Qxg4 Rd8 25. Rd1 Qg6 26. Qxg6 Rxg6 27. Rb2 b6 28. d6 cxd6 29. cxb6 axb6 30. Rxb6 Bf8 31. a4 Nc8 32. Rb8 Rg7 33. Nd5 Kf7 34. Rc1 1-0

[Event "HUN-chT2 Szechenyi 1112"]
[Site "Hungary"]
[Date "2012.03.25"]
[Round "8.3"]
[White "Samu, Ferenc"]
[Black "Smideliusz, Mark"]
[Result "1-0"]
[WhiteElo "2151"]
[BlackElo "2030"]
[PlyCount "105"]
[EventDate "2011.09.25"]
[EventType "team-tourn"]
[EventRounds "11"]
[EventCountry "HUN"]
[SourceTitle "EXT 2013"]
[Source "ChessBase"]
[SourceDate "2012.11.22"]
[SourceVersion "1"]
[SourceVersionDate "2012.11.22"]
[SourceQuality "1"]
[WhiteTeam "Tapolca"]
[BlackTeam "Sarvar"]
[WhiteTeamCountry "HUN"]
[BlackTeamCountry "HUN"]

1. e4 e5 2. Nf3 Nc6 3. d4 exd4 4. Nxd4 Bc5 5. Nxc6 Qf6 6. Qf3 dxc6 7. Qxf6 Nxf6 8. Bd3 0-0 9. 0-0 Re8 10. Nd2 Bd7 11. h3 Re7 12. Nb3 Bb6 13. Bg5 h6 14. Bxf6 gxf6 15. a4 a5 16. Kh2 Be6 17. Nc1 c5 18. b3 c4 19. bxc4 Bc5 20. Ne2 Rd8 21. g3 Bd7 22. Nf4 Bc6 23. Nd5 Bxd5 24. cxd5 Bd4 25. Rab1 b6 26. g4 Kg7 27. Kg3 Rd6 28. f4 Rd8 29. Kf3 Rh8 30. h4 Ree8 31. Bb5 Re7 32. Rbe1 Rd8 33. Re2 Rd6 34. Rd1 Bc5 35. c3 Rd8 36. Rde1 Rd6 37. Bc6 Rd8 38. e5 fxe5 39. fxe5 Rh8 40. Re4 f6 41. e6 Bd6 42. Rg1 Rf8 43. Ke2 Kg6 44. Rg2 Rg8 45. Re3 Bf4 46. Rf3 Be5 47. Bb5 Kh7 48. Kd3 Rgg7 49. Rf5 Rg6 50. Kc2 Kg8 51. g5 Kg7 52. Bd3 hxg5 53. hxg5 1-0

[Event "HUN-chT2 Szechenyi 1112"]
[Site "Hungary"]
[Date "2012.01.29"]
[Round "5.3"]
[White "Smideliusz, Mark"]
[Black "Ruszin, Anna"]
[Result "1/2-1/2"]
[WhiteElo "2030"]
[BlackElo "2121"]
[PlyCount "67"]
[EventDate "2011.09.25"]
[EventType "team-tourn"]
[EventRounds "11"]
[EventCountry "HUN"]
[SourceTitle "EXT 2013"]
[Source "ChessBase"]
[SourceDate "2012.11.22"]
[SourceVersion "1"]
[SourceVersionDate "2012.11.22"]
[SourceQuality "1"]
[WhiteTeam "Sarvar"]
[BlackTeam "Zala Volan"]
[WhiteTeamCountry "HUN"]
[BlackTeamCountry "HUN"]

1. e4 c5 2. Nf3 Nc6 3. d4 cxd4 4. Nxd4 Qb6 5. Nb3 Nf6 6. Nc3 e6 7. Bd3 Bb4 8. Bd2 0-0 9. 0-0 a6 10. Qe2 Bxc3 11. Bxc3 e5 12. Rad1 d6 13. h3 Be6 14. Bc4 Bxc4 15. Qxc4 Rfd8 16. a4 Rac8 17. Rd2 Qa7 18. Qe2 b5 19. axb5 axb5 20. Qxb5 Nxe4 21. Rd3 Nf6 22. Bd2 h6 23. c4 Qc7 24. Na5 Nd4 25. Qa4 d5 26. cxd5 Rxd5 27. Kh1 Qc2 28. Qxc2 Rxc2 29. Bc3 Ne4 30. Nc6 Kh7 31. Nxd4 Rxf2 32. Re1 Nxc3 33. bxc3 exd4 34. cxd4 1/2-1/2

[Event "HUN-chT2 Szechenyi 1112"]
[Site "Hungary"]
[Date "2011.11.27"]
[Round "4.3"]
[White "Csaba, Arpad Jr"]
[Black "Smideliusz, Mark"]
[Result "1/2-1/2"]
[WhiteElo "2139"]
[BlackElo "2030"]
[PlyCount "38"]
[EventDate "2011.09.25"]
[EventType "team-tourn"]
[EventRounds "11"]
[EventCountry "HUN"]
[SourceTitle "EXT 2013"]
[Source "ChessBase"]
[SourceDate "2012.11.22"]
[SourceVersion "1"]
[SourceVersionDate "2012.11.22"]
[SourceQuality "1"]
[WhiteTeam "Ajka Banyasz"]
[BlackTeam "Sarvar"]
[WhiteTeamCountry "HUN"]
[BlackTeamCountry "HUN"]

1. b3 e5 2. Bb2 Nc6 3. e3 d5 4. Ne2 Nf6 5. d4 exd4 6. Nxd4 Bb4+ 7. c3 Bd6 8. Nxc6 bxc6 9. Nd2 Qe7 10. Qc2 0-0 11. Bd3 h6 12. c4 Re8 13. Rc1 Bd7 14. c5 Be5 15. Bxe5 Qxe5 16. Nf3 Qh5 17. Nd4 Qg4 18. 0-0 Qh4 19. Bf5 Qg5 1/2-1/2

[Event "HUN-chT2 Szechenyi 1112"]
[Site "Hungary"]
[Date "2011.11.13"]
[Round "3.4"]
[White "Bardossi, Jeno"]
[Black "Smideliusz, Mark"]
[Result "1-0"]
[WhiteElo "2132"]
[BlackElo "2030"]
[PlyCount "91"]
[EventDate "2011.09.25"]
[EventType "team-tourn"]
[EventRounds "11"]
[EventCountry "HUN"]
[SourceTitle "EXT 2013"]
[Source "ChessBase"]
[SourceDate "2012.11.22"]
[SourceVersion "1"]
[SourceVersionDate "2012.11.22"]
[SourceQuality "1"]
[WhiteTeam "Zalaegerszeg"]
[BlackTeam "Sarvar"]
[WhiteTeamCountry "HUN"]
[BlackTeamCountry "HUN"]

1. e4 e5 2. Nc3 Nc6 3. Bc4 Nf6 4. d3 h6 5. f4 Bc5 6. Nf3 d6 7. Na4 Bb4+ 8. c3 Ba5 9. b4 Bb6 10. Nxb6 axb6 11. fxe5 Nxe5 12. Nxe5 dxe5 13. 0-0 Qe7 14. d4 0-0 15. Qe1 Be6 16. d5 Bd7 17. Bb3 Ba4 18. Bc4 Bc2 19. Qe2 Ba4 20. Qf3 Ne8 21. Qg3 Kh7 22. Rf5 f6 23. Rf1 Nd6 24. Bd3 Be8 25. c4 c5 26. dxc6 bxc6 27. Be3 Qc7 28. c5 bxc5 29. Bxc5 Bg6 30. a4 Rfb8 31. Qe3 Bf7 32. Rfc1 Bb3 33. Ra3 Be6 34. Be2 Kg8 35. h3 Rb7 36. Kh1 Rab8 37. Ba6 Rxb4 38. Bxb4 Rxb4 39. Bd3 Nb7 40. Qa7 Qd6 41. Rac3 c5 42. Bb5 Bc8 43. Qa8 Qc7 44. Bc4+ Kh7 45. Bd5 Rd4 46. Qa7 1-0